| 000 | 00514nam a22001697a 4500 | ||
|---|---|---|---|
| 003 | PILC | ||
| 005 | 20150826092544.0 | ||
| 008 | 150826b xxu||||| |||| 00| 0 eng d | ||
| 050 |
_aTR 267 _b.G258 2006 |
||
| 100 | _aGatenby, Jim. | ||
| 245 |
_aDigital photography and computing for the older generation / _cJim Gatenby. |
||
| 260 |
_aEngland : _bBernard Babani LTD, _c2006. |
||
| 300 |
_a198 pages : _billustrations ; _c20 cm. |
||
| 500 | _aIncludes index. | ||
| 650 | _aDigital photography. | ||
| 942 |
_2lcc _cBK |
||
| 999 |
_c288498 _d288498 |
||